Normal view MARC view
  • Garrido, Celso

Entry Nombre Personal

Number of records used in: 5

001 - NUMERO DE CONTROL

  • campo de control: 34079

003 - IDENTIFICADOR DE NUMERO DE CONTROL

  • campo de control: UPN

005 - FECHA Y HORA DE LA ÜLTIMA TRANSACCIÓN

  • campo de control: 20210219194449.0

008 - DATOS DE LONGITUD FIJA

  • campo de control de longitud fija: nabaccnnaabn|||||||||| b |nc|||||d

035 ## - NUMERO DE CONTROL

  • Número de control: UPN11000006186

040 ## - FUENTE DE CATALOGACIÓN

  • Lenguaje de catalogación: SPA
  • Agencia de transcripción: UPN

100 1# - ENCABEZAMIENTO - NOMBRE PERSONAL

  • Nombre personal: Garrido, Celso

400 1# - VEÁSE - NOMBRE DE PERSONA

  • Personal name: Garrido Noguera, Celso

670 ## - FUENTE EN LA QUE SE LOCALIZARON DATOS

  • Cita de la fuente: T
  • Información localizada: Wikipedia

680 ## - NOTA PUBLICA DE ACCESO PÚBLICO

  • Frase explicativa de la referencia: Es un reconocido académico de origen argentino, profesor titular de tiempo completo del Departamento de Economía de la Universidad Autónoma Metropolitana, Campus Azcapotzalco, Ciudad de México. Miembro fundador y Coordinador del Grupo Internacional de Investigación del Consejo Latinoamericano de Ciencias Sociales (CLACSO) sobre el tema "Empresarios y Estado en América Latina"

902 ## - CATALOGADOR

  • Catalogador: MCM/040913